[Event "Mogliano Veneto op-B 43th"]
[Site "Mogliano Veneto"]
[Date "2023.04.25"]
[Round "4"]
[White "Baymani, Soroush"]
[Black "Velluti, Alberto"]
[Result "0-1"]
[WhiteElo "999"]
[BlackElo "1719"]
[PlyCount "62"]
[EventDate "2023.04.23"]
[EventType "swiss"]
[EventRounds "5"]
[EventCountry "ITA"]
[SourceTitle "EXT 2024"]
[Source "ChessBase"]
[SourceDate "2023.10.10"]
[SourceVersion "1"]
[SourceVersionDate "2023.10.10"]
[SourceQuality "1"]

1. c4 c6 2. Nc3 d5 3. cxd5 cxd5 4. d4 Nf6 5. Bf4 e6 6. e3 Be7 7. Bd3 0-0 8. Nf3 Nc6 9. a3 Bd7 10. Rc1 Rc8 11. 0-0 h6 12. Rc2 Nh5 13. Ne5 Nxf4 14. exf4 Nxd4 15. Bh7+ Kxh7 16. Qxd4 Bc5 17. Qd3+ Kg8 18. Nxd7 Qxd7 19. Rfc1 Bb6 20. Ne2 Rxc2 21. Rxc2 Rc8 22. Rxc8+ Qxc8 23. b4 Qc4 24. Qxc4 dxc4 25. Kf1 Kf8 26. Ke1 Ke7 27. f3 Be3 28. b5 Kd6 29. Kd1 Kc5 30. Kc2 Kxb5 31. Nc3+ Kc6 0-1

[Event "Treviso op-A 3rd"]
[Site "Treviso"]
[Date "2019.03.31"]
[Round "4.18"]
[White "Velluti, Alberto"]
[Black "Barro, Francesco"]
[Result "1-0"]
[WhiteElo "1762"]
[BlackElo "1902"]
[PlyCount "131"]
[EventDate "2019.03.29"]
[EventType "swiss"]
[EventRounds "5"]
[EventCountry "ITA"]
[SourceTitle "EXT 2024"]
[Source "ChessBase"]
[SourceDate "2023.10.10"]
[SourceVersion "1"]
[SourceVersionDate "2023.10.10"]
[SourceQuality "1"]

1. e4 c5 2. Nf3 a6 3. d4 cxd4 4. Nxd4 Nf6 5. Nc3 e5 6. Nf3 Bb4 7. Bd2 Qc7 8. Bd3 d6 9. h3 0-0 10. 0-0 Nbd7 11. a3 Bxc3 12. Bxc3 Nc5 13. Re1 Na4 14. Qd2 Nxc3 15. Qxc3 Qxc3 16. bxc3 Be6 17. Reb1 b5 18. a4 Bc4 19. Nd2 Rac8 20. Bxc4 bxc4 21. Rb6 d5 22. Rxa6 Rfd8 23. exd5 Rxd5 24. Nxc4 Ne4 25. Nb6 Rd6 26. Re1 Nxc3 27. Rxe5 f6 28. Nxc8 Rxa6 29. Re3 Nxa4 30. Ra3 Nc5 31. Rxa6 Nxa6 32. Kf1 Kf7 33. Ke2 Ke6 34. Kd3 Nb4+ 35. Kc3 Nd5+ 36. Kd4 Nf4 37. c4 Kd7 38. Nb6+ Kc6 39. Nd5 Nxg2 40. Ne7+ Kc7 41. Nd5+ Kc6 42. Ne7+ Kd7 43. Nd5 Ne1 44. c5 Nf3+ 45. Kc4 Kc6 46. Ne7+ Kd7 47. Nd5 Kc6 48. Ne7+ Kd7 49. Nd5 Ne5+ 50. Kb5 h5 51. f4 Nc6 52. h4 Nd8 53. Kb6 Ke6 54. Ne3 Kd7 55. Nf5 g6 56. Nd4 f5 57. c6+ Nxc6 58. Nxc6 Kd6 59. Ne5 g5 60. Nf7+ Kd5 61. Nxg5 Kd4 62. Kc6 Ke3 63. Ne6 Kf3 64. Kd5 Kg4 65. Ke5 Kxh4 66. Kxf5 1-0

[Event "Lesa op 3rd"]
[Site "Lesa"]
[Date "2014.09.20"]
[Round "2"]
[White "Velluti, Alberto"]
[Black "Sbarra, Marco"]
[Result "1-0"]
[WhiteElo "1924"]
[BlackElo "2192"]
[PlyCount "73"]
[EventDate "2014.09.19"]
[EventType "swiss"]
[EventRounds "5"]
[EventCountry "ITA"]
[SourceTitle "EXT 2015"]
[Source "ChessBase"]
[SourceDate "2014.11.20"]
[SourceVersion "1"]
[SourceVersionDate "2014.11.20"]
[SourceQuality "1"]

1. e4 e5 2. Nf3 Nc6 3. Bb5 a6 4. Ba4 Nf6 5. 0-0 Be7 6. Re1 b5 7. Bb3 d6 8. c3 0-0 9. h3 Na5 10. Bc2 c5 11. d4 Qc7 12. Nbd2 Nc6 13. d5 Nd8 14. Nf1 Ne8 15. Ng3 g6 16. Nh2 f6 17. Ng4 Nf7 18. Nh6+ Nxh6 19. Bxh6 Ng7 20. Qd2 Bd7 21. Rad1 Rae8 22. Qe2 c4 23. a3 Bd8 24. Rf1 Bc8 25. Qd2 Rf7 26. Rde1 Qa7 27. Be3 Qb8 28. Qe2 f5 29. exf5 gxf5 30. Nh5 f4 31. Nxg7 Rxg7 32. Bxf4 Bxh3 33. Qh5 Bd7 34. Bh6 Rge7 35. Re3 Kh8 36. Rg3 e4 37. Qg5 1-0

[Event "Rethymno op 6th"]
[Site "Rethymno"]
[Date "2014.07.15"]
[Round "5"]
[White "Townsend, M Paul"]
[Black "Velluti, Alberto"]
[Result "1-0"]
[WhiteElo "2239"]
[BlackElo "1951"]
[PlyCount "89"]
[EventDate "2014.07.12"]
[EventType "swiss"]
[EventRounds "9"]
[EventCountry "GRE"]
[SourceTitle "CBM 161 Extra"]
[Source "ChessBase"]
[SourceDate "2014.08.29"]
[SourceVersion "1"]
[SourceVersionDate "2014.08.29"]
[SourceQuality "1"]

1. d4 d5 2. Nf3 Nf6 3. c4 e6 4. g3 Nbd7 5. Bg2 dxc4 6. Qa4 c6 7. Qxc4 Be7 8. 0-0 0-0 9. Nc3 Nd5 10. e4 Nxc3 11. Qxc3 Qb6 12. Be3 Nf6 13. Ne5 Qb4 14. Qc2 Nd7 15. a3 Qa5 16. b4 Qb5 17. Nd3 Nb6 18. Rfc1 Qa4 19. Qc3 e5 20. Nxe5 Be6 21. Nd3 Rfd8 22. Nc5 Bxc5 23. Qxc5 Qb3 24. Rcb1 Qd3 25. Rc1 h6 26. Qc2 Qb5 27. Bf1 Qh5 28. Qc5 Qf3 29. Qe5 Re8 30. Bg2 Qe2 31. Re1 Qb2 32. Qc5 Rad8 33. Qc1 Qb3 34. Qd1 Qc3 35. Qc1 Qb3 36. Rb1 Qd3 37. Rd1 Qe2 38. Rd2 Qg4 39. h3 Qh5 40. g4 Qh4 41. Qc5 Nc4 42. Rd3 b6 43. Qxc6 Ne5 44. dxe5 Rxd3 45. Qxe8+ 1-0

[Event "Venice Province-ch 71st"]
[Site "Venice Mestre"]
[Date "2011.01.15"]
[Round "2"]
[White "Civitareale, Alberto"]
[Black "Velluti, Alberto"]
[Result "0-1"]
[WhiteElo "1619"]
[BlackElo "1924"]
[PlyCount "74"]
[EventDate "2011.01.14"]
[EventType "swiss"]
[EventRounds "5"]
[EventCountry "ITA"]
[SourceTitle "EXT 2022"]
[Source "ChessBase"]
[SourceDate "2021.10.06"]
[SourceVersion "1"]
[SourceVersionDate "2021.10.06"]
[SourceQuality "1"]

1. e4 c6 2. d4 d5 3. exd5 cxd5 4. Nf3 Nf6 5. Nc3 Bg4 6. Be2 e6 7. Ne5 Bxe2 8. Qxe2 Be7 9. Qb5+ Nbd7 10. Qxb7 Nxe5 11. dxe5 Nd7 12. f4 Bc5 13. Qb5 Rb8 14. Qe2 Qb6 15. Rf1 0-0 16. Kd1 Bb4 17. a3 Bxc3 18. bxc3 Rfc8 19. Rf3 Qg1+ 20. Qf1 Qxf1+ 21. Rxf1 Rxc3 22. Bd2 Rc4 23. Bb4 Rb5 24. c3 d4 25. cxd4 a5 26. Bd2 Rxd4 27. Rc1 Nb6 28. Ke2 Rb2 29. Rfd1 Nc4 30. Ke1 Re4+ 31. Kf2 Rxf4+ 32. Ke1 Re4+ 33. Kf2 h5 34. Rxc4 Rxc4 35. Ke3 Rb3+ 36. Kf2 Rc2 37. Ke1 Rxa3 0-1

[Event "Milan Crespi op-B 31th"]
[Site "Milan"]
[Date "2010.12.06"]
[Round "4"]
[White "Velluti, Alberto"]
[Black "Reale, Simone"]
[Result "0-1"]
[WhiteElo "1947"]
[BlackElo "1907"]
[PlyCount "56"]
[EventDate "2010.12.04"]
[EventType "swiss"]
[EventRounds "7"]
[EventCountry "ITA"]
[SourceTitle "EXT 2024"]
[Source "ChessBase"]
[SourceDate "2023.10.10"]
[SourceVersion "1"]
[SourceVersionDate "2023.10.10"]
[SourceQuality "1"]

1. e4 c5 2. b3 Nc6 3. Bb2 Nf6 4. Nc3 e6 5. d3 d5 6. exd5 exd5 7. Qd2 Bd6 8. Nf3 0-0 9. 0-0-0 d4 10. Ne4 Nxe4 11. dxe4 Qc7 12. Kb1 Bf4 13. Qe1 Bg4 14. h3 Bxf3 15. gxf3 a5 16. a4 Rfb8 17. Bc4 Nb4 18. Rg1 b5 19. Bxb5 Rxb5 20. axb5 a4 21. Bxd4 axb3 22. Rxg7+ Kf8 23. cxb3 Qa7 24. Rg8+ Kxg8 25. Qg1+ Kf8 26. Qg7+ Ke8 27. Qh8+ Ke7 28. Bf6+ Ke6 0-1

[Event "ITA-ch sf 70th"]
[Site "Torino"]
[Date "2010.06.22"]
[Round "3"]
[White "Ricci, Massimo"]
[Black "Velluti, Alberto"]
[Result "0-1"]
[WhiteElo "1746"]
[BlackElo "1932"]
[PlyCount "98"]
[EventDate "2010.06.20"]
[EventType "swiss"]
[EventRounds "9"]
[EventCountry "ITA"]
[SourceTitle "CBM 137 Extra"]
[Source "ChessBase"]
[SourceDate "2010.09.01"]
[SourceVersion "1"]
[SourceVersionDate "2010.09.01"]
[SourceQuality "1"]

1. e4 e5 2. Nf3 Nc6 3. Bb5 a6 4. Bxc6 dxc6 5. 0-0 Bd6 6. d4 exd4 7. Qxd4 f6 8. Nbd2 Be6 9. Nc4 Bxh2+ 10. Kxh2 Qxd4 11. Nxd4 Bxc4 12. Re1 0-0-0 13. Nf5 g6 14. Ne3 Be6 15. b3 Nh6 16. Bb2 Rhf8 17. f3 Ng8 18. Rad1 Rxd1 19. Rxd1 Rd8 20. Rxd8+ Kxd8 21. g4 Ke7 22. Kg3 b6 23. f4 c5 24. c4 c6 25. Kh4 Nh6 26. Kg3 Nf7 27. Kf3 Bd7 28. Nf1 a5 29. Ne3 Nd8 30. e5 f5 31. g5 Ne6 32. Nc2 Kf7 33. Ke3 Kg7 34. Ne1 h6 35. gxh6+ Kxh6 36. Nc2 Kh5 37. Kf3 Kh4 38. Bc3 Kh3 39. Bb2 Bc8 40. Bc3 Ba6 41. a4 Bc8 42. Bb2 Kh4 43. Bc3 g5 44. fxg5 Kxg5 45. Be1 f4 46. Ke4 Kg4 47. Bf2 Ng5+ 48. Kd3 Bf5+ 49. Kd2 Ne4+ 0-1

[Event "ITA-ch sf 70th"]
[Site "Torino"]
[Date "2010.06.21"]
[Round "2"]
[White "Velluti, Alberto"]
[Black "Pepino, Enrico"]
[Result "0-1"]
[WhiteElo "1932"]
[BlackElo "2190"]
[PlyCount "94"]
[EventDate "2010.06.20"]
[EventType "swiss"]
[EventRounds "9"]
[EventCountry "ITA"]
[SourceTitle "CBM 137 Extra"]
[Source "ChessBase"]
[SourceDate "2010.09.01"]
[SourceVersion "1"]
[SourceVersionDate "2010.09.01"]
[SourceQuality "1"]

1. e4 d6 2. d4 Nf6 3. Nc3 g6 4. f4 Bg7 5. Nf3 0-0 6. Bd3 Na6 7. 0-0 c5 8. d5 Bg4 9. h3 Bxf3 10. Rxf3 Nc7 11. Rb1 b5 12. Qe1 b4 13. Na4 Nd7 14. b3 Nb6 15. Bb2 Nxa4 16. Bxg7 Kxg7 17. bxa4 Qd7 18. a3 a5 19. f5 Rab8 20. axb4 cxb4 21. Qc1 Ne8 22. Bb5 Qa7+ 23. Kh2 Qd4 24. Bxe8 Rbxe8 25. Qf4 Rc8 26. Rd3 Qe5 27. Qxe5+ dxe5 28. d6 exd6 29. Rxd6 Rfd8 30. f6+ Kh6 31. Rd5 Rxd5 32. exd5 Kg5 33. d6 Kxf6 34. d7 Rd8 35. c3 bxc3 36. Rc1 Rxd7 37. Rxc3 Rd4 38. Rc6+ Kf5 39. g4+ Ke4 40. Rf6 Rd7 41. Ra6 f5 42. gxf5 gxf5 43. Rxa5 f4 44. Rb5 Rd2+ 45. Kg1 Ra2 46. a5 f3 47. Rb4+ Ke3 0-1